000
00426nam a2200145Ia 4500
008
100122s9999 xx 000 0 und d
082
_b
6625
_a
823.08
100
_a
माटे श्री म
245
_a
माणुसकीचा गहिवर
260
_c
1948
300
_a
90
630
_a
माणुसकीचा गहिवर
730
_a
माणुसकीचा गहिवर
942
_c
BOOK
999
_c
399602
_d
399599